| 000 | 00623nam a2200229Ia 4500 | ||
|---|---|---|---|
| 003 | OSt | ||
| 005 | 20230605102354.0 | ||
| 008 | 210423s2019 xx 000 0 und d | ||
| 020 | _a978-93-86776-01-3 | ||
| 040 | _cAL | ||
| 041 | _aeng | ||
| 082 | _a376 PANW | ||
| 100 |
_aPANDYA (Bindu L) _9119453 |
||
| 245 | _aWomen education and entrepreneurship development Vol 3 | ||
| 260 |
_aJaipur _bshree Niwas Publications _c2019 |
||
| 300 |
_aiii,450 _bHB |
||
| 365 |
_b1750 _cINR |
||
| 440 | _v3 | ||
| 650 |
_aEducation _9119454 |
||
| 906 | _adevelopment ; education ; entrepreneurship ; Vol ; Women | ||
| 942 |
_2ddc _cBK |
||
| 999 |
_c176586 _d176586 |
||